Real Madrid CF Squad 2005-2006 - Statistics

General Stats
  • This quiz has been taken 130 times
  • The average score is 13 of 29
Answer Stats
# Position Nation Player % Correct
1 GK Spain Iker Casillas
97%
9 FW Brazil Ronaldo Nazário
97%
5 MF France Zinédine Zidane
94%
7 FW Spain Raúl González
92%
3 DF Brazil Roberto Carlos
92%
23 MF England David Beckham
83%
4 DF Spain Sergio Ramos
82%
10 FW Brazil Robinho
78%
2 DF Spain Míchel Salgado
70%
14 MF Spain Guti
63%
6 DF Spain Iván Helguera
61%
19 FW Italy Antonio Cassano
44%
18 DF England Jonathan Woodgate
43%
16 MF Denmark Thomas Gravesen
43%
8 MF Brazil Júlio Baptista
36%
13 GK Spain Diego López
35%
11 DF Brazil Cicinho
28%
22 DF Spain Francisco Pavón
24%
15 DF Spain Raúl Bravo
24%
26 DF Spain Álvaro Arbeloa
21%
12 MF Uruguay Pablo García
19%
- Coach Brazil Vanderlei Luxemburgo
16%
24 DF Spain Álvaro Mejía
13%
28 MF Spain Rubén de la Red
13%
21 DF Uruguay Carlos Diogo
10%
27 FW Spain Roberto Soldado
10%
- Coach Spain Juan Ramón López Caro
9%
42 GK Spain David Cobeño
3%
29 MF Spain José Manuel Jurado
3%
No matching quizzes found
Score Distribution
Percent of People with Each Score
Percentile by Number Answered
Your Score History
You have not taken this quiz